000 00853nam a2200229Ia 4500
003 GCL
005 20240530095331.0
008 140319s9999 xx 000 0 ara d
040 _aGCL /
_cGCL
082 0 4 _a344.01
_bع ت
100 1 _aعبدالفتاح مراد
245 1 0 _aالتعليق على قانون العمل المصرى الجديد رقم 12 لسنة 2003 /
_cعبدالفتاح مراد
260 _aالقاهرة :
_bشركة البهاء للبرمجيات والكومبيوتر والنشر الالكترونى ،
_c2003
300 _a950 ص ؛
_c32 سم
650 0 4 _aالعمل والعمال
650 0 4 _aقوانين وتشريعات
650 0 4 _aالقوى العاملة
650 0 4 _aساعات العمل
650 0 4 _aعقود العمل
650 0 4 _aالعمل والعمال - مصر
942 _2ddc
_cBK
999 _c6248
_d6248